LEADER 01418aam 2200397I 450 001 9910709910703321 005 20151118015317.0 024 8 $aGOVPUB-C13-58d562c8b7fbab5d214ff62e1a519951 035 $a(CKB)5470000002475164 035 $a(OCoLC)929879260 035 $a(EXLCZ)995470000002475164 100 $a20151118d1979 ua 0 101 0 $aeng 181 $2rdacontent 182 $2rdamedia 183 $2rdacarrier 200 10$aCollaborative reference program for color and appearance $eASTM 60 gloss Report no. 2 /$fJ. Horlick; T. L. Cummings 210 1$aGaithersburg, MD :$cU.S. Dept. of Commerce, National Institute of Standards and Technology,$d1979. 215 $a1 online resource 225 1 $aNBSIR ;$v79-1371 300 $a1979. 300 $aContributed record: Metadata reviewed, not verified. Some fields updated by batch processes. 300 $aTitle from PDF title page. 320 $aIncludes bibliographical references. 517 $aCollaborative reference program for color and appearance 700 $aHorlick$b J$01386491 701 $aCummings$b T. L$01386493 701 $aHorlick$b J$01386491 712 02$aUnited States.$bNational Bureau of Standards. 801 0$bNBS 801 1$bNBS 801 2$bGPO 906 $aBOOK 912 $a9910709910703321 996 $aCollaborative reference program for color and appearance$93452872 997 $aUNINA LEADER 01960nam 2200445 450 001 9910793751803321 005 20230313203137.0 010 $a1-77091-131-6 035 $a(CKB)4100000008780871 035 $a(MiAaPQ)EBC5840951 035 $a(Au-PeEL)EBL5840951 035 $a(OCoLC)821261767 035 $a(EXLCZ)994100000008780871 100 $a20190827h20132013 uy d 101 0 $aeng 135 $aurcnu|||||||| 181 $ctxt$2rdacontent 182 $cc$2rdamedia 183 $acr$2rdacarrier 200 14$aThe cave painter and the woodcutter /$fDon Hannah 210 1$aToronto :$cPlaywrights Canada Press,$d[2013] 210 4$dİ2013 215 $a1 online resource (xi, 40 pages, xi, 44 pages) $cillustrations 311 0 $a1-77091-129-4 330 $aDianne is a printmaker who derives her imagery from pre-history--Neanderthal teeth, the Jericho skulls, old bones. Too many people close to her have passed away, and her only son has rebelled by embracing a life of religious fundamentalism. The Cave Painter is a funny, moving one-woman show about being an artist and dealing with loss. In The Woodcutter, a scruffy, exhausted man is lost in the woods at nightfall with only a few sentimental objects in his pockets. Alone in a clearing, he unloads his thoughts to the surrounding wilderness, ranting and raging, unravelling a story of a troubled past and of the family he adores, eventually coming to terms with the impossible truth of what he's done. 606 $aCanadian drama 606 $aForests and forestry$vDrama 606 $aWomen printmakers$vDrama 615 0$aCanadian drama. 615 0$aForests and forestry 615 0$aWomen printmakers 676 $a769 700 $aHannah$b Don$f1951-$01528180 801 0$bMiAaPQ 801 1$bMiAaPQ 801 2$bMiAaPQ 906 $aBOOK 912 $a9910793751803321 996 $aThe cave painter and the woodcutter$93771612 997 $aUNINA